000 00761nam a2200253Ia 4500
003 OSt
005 20221005115026.0
006 a|||||r|||| 00| 0
007 ta
008 221004b |||||||| |||| 00| 0 eng d
024 _a30764
037 _cTextual
040 _aCRL
_cCRL
_beng
041 _2eng
_aeng
082 _a14:998(J):N69<-N38, L0 BB
110 _aIndian Agricultural Research Institute, New Dealhi
_9627007
245 0 _aBibliography of theses 1938-1969
260 _c1970
490 _aIARI Library bibliographical series ,3
650 _aBIBLIOGRAPHY
700 _aIndian Agricultural Research Institute, New Dealhi
_9627008
942 _h14:998(J):N69<-N38, L0 BB
_cTEXL
_2cc
999 _c1033213
_d1033213